[Event "St Chely d'Aubrac op 8th"]
[Site "St Chely d'Aubrac"]
[Date "2008.07.16"]
[Round "6"]
[White "Netzer, Jacques"]
[Black "Furrer, Marc"]
[Result "1/2-1/2"]
[WhiteElo "2116"]
[BlackElo "2121"]
[PlyCount "61"]
[EventDate "2008.07.13"]
[EventType "swiss"]
[EventRounds "9"]
[EventCountry "FRA"]
[SourceTitle "CBM 125 Extra"]
[Source "ChessBase"]
[SourceDate "2008.09.01"]
[SourceVersion "1"]
[SourceVersionDate "2008.09.01"]
[SourceQuality "1"]

1. e4 g6 2. d4 d6 3. Nc3 c6 4. f4 Bg7 5. Nf3 Bg4 6. Be3 Qb6 7. Qd2 Bxf3 8. gxf3 Nf6 9. 0-0-0 Nh5 10. Bh3 Nd7 11. Bg4 Qa5 12. e5 Nb6 13. Qd3 Qb4 14. a3 Qc4 15. b3 Qxd3 16. Rxd3 f5 17. Bxh5 gxh5 18. Ne2 Nd5 19. Bd2 b5 20. Ng3 e6 21. Nxh5 Bf8 22. Bb4 a5 23. Bxd6 Bh6 24. Rg1 Kf7 25. h3 Rhg8 26. Rdd1 Nc3 27. Rxg8 Rxg8 28. Rd3 b4 29. axb4 axb4 30. Kb2 Nd5 31. Nf6 1/2-1/2

[Event "Zuerich op-A 31th"]
[Site "Zuerich"]
[Date "2007.12.27"]
[Round "2"]
[White "Seitz, Benjamin"]
[Black "Furrer, Marc"]
[Result "1-0"]
[WhiteElo "1974"]
[BlackElo "2097"]
[PlyCount "55"]
[EventDate "2007.12.26"]
[EventType "swiss"]
[EventRounds "7"]
[EventCountry "SUI"]
[SourceTitle "CBM 122 Extra"]
[Source "ChessBase"]
[SourceDate "2008.03.04"]
[SourceVersion "1"]
[SourceVersionDate "2008.03.04"]
[SourceQuality "1"]

1. Nf3 d5 2. d4 Bg4 3. c4 Bxf3 4. exf3 Nf6 5. Qb3 Nc6 6. Be3 e6 7. c5 Rb8 8. Bb5 Be7 9. Qa4 0-0 10. Bxc6 bxc6 11. b4 a5 12. bxa5 e5 13. 0-0 Nd7 14. Qxc6 Bf6 15. Na3 exd4 16. Bf4 Ne5 17. Bxe5 Bxe5 18. Rfe1 Re8 19. a6 Re6 20. Qa4 Ra8 21. c6 Qe7 22. f4 Bxf4 23. Rxe6 Qxe6 24. a7 Qe2 25. Qb4 Qa6 26. Qb8+ Qc8 27. Qxc8+ Rxc8 28. Rb1 1-0

[Event "Lausanne op"]
[Site "Lausanne"]
[Date "2006.09.16"]
[Round "2"]
[White "Furrer, Marc"]
[Black "Epishin, Vladimir"]
[Result "0-1"]
[WhiteElo "2184"]
[BlackElo "2555"]
[PlyCount "46"]
[EventDate "2006.09.15"]
[EventType "swiss"]
[EventRounds "7"]
[EventCountry "SUI"]
[SourceTitle "CBM 114 Extra"]
[Source "ChessBase"]
[SourceDate "2006.11.03"]
[SourceVersion "1"]
[SourceVersionDate "2006.11.03"]
[SourceQuality "1"]

1. d4 c5 2. d5 f5 3. Nc3 Nf6 4. g3 g6 5. h4 Bg7 6. Bg2 0-0 7. Nh3 e5 8. Be3 d6 9. Qd2 Nbd7 10. a4 e4 11. Bh6 Bxh6 12. Qxh6 Ne5 13. Qc1 b6 14. 0-0 a6 15. Rd1 Ra7 16. e3 h6 17. Bf1 g5 18. hxg5 Nf3+ 19. Kg2 hxg5 20. Be2 Rh7 21. Rh1 Qe8 22. Bc4 Qh5 23. Ne2 Ne5 0-1

[Event "St Chely d'Aubrac op 6th"]
[Site "St Chely d'Aubrac"]
[Date "2006.07.22"]
[Round "9"]
[White "Furrer, Marc"]
[Black "Humeau, Cyril"]
[Result "0-1"]
[WhiteElo "2171"]
[BlackElo "2095"]
[PlyCount "86"]
[EventDate "2006.07.15"]
[EventType "swiss"]
[EventRounds "9"]
[EventCountry "FRA"]
[SourceTitle "CBM 113 Extra"]
[Source "ChessBase"]
[SourceDate "2006.09.14"]
[SourceVersion "1"]
[SourceVersionDate "2006.09.14"]
[SourceQuality "1"]

1. f4 d5 2. e3 c6 3. b3 Nf6 4. Bb2 a5 5. Nc3 Bg4 6. Be2 Bxe2 7. Qxe2 Nbd7 8. g4 e5 9. g5 Ng8 10. 0-0-0 exf4 11. exf4+ Qe7 12. Qg4 0-0-0 13. Nf3 Qe6 14. Qxe6 fxe6 15. Rde1 Re8 16. Nd1 h6 17. h4 hxg5 18. fxg5 Rh5 19. Re2 g6 20. Rhe1 Nc5 21. Bd4 Rh7 22. Bxc5 Bxc5 23. Rxe6 Rhe7 24. Rxe7 Rxe7 25. Rxe7 Nxe7 26. Ne3 Kd7 27. Kd1 Ke6 28. d4 Bd6 29. Ke2 b5 30. Ng4 Nf5 31. Kd3 b4 32. Nge5 Ne7 33. c4 bxc3 34. Kxc3 Kf5 35. Kd3 Bxe5 36. Nxe5 Kf4 37. a4 Kg3 38. Nxg6 Nxg6 39. h5 Nf4+ 40. Kc2 Nxh5 41. b4 Kf4 42. b5 cxb5 43. g6 b4 0-1

[Event "St Chely d'Aubrac op 6th"]
[Site "St Chely d'Aubrac"]
[Date "2006.07.21"]
[Round "8"]
[White "Jouet Pastre, Alban"]
[Black "Furrer, Marc"]
[Result "0-1"]
[WhiteElo "1972"]
[BlackElo "2171"]
[PlyCount "76"]
[EventDate "2006.07.15"]
[EventType "swiss"]
[EventRounds "9"]
[EventCountry "FRA"]
[SourceTitle "CBM 113 Extra"]
[Source "ChessBase"]
[SourceDate "2006.09.14"]
[SourceVersion "1"]
[SourceVersionDate "2006.09.14"]
[SourceQuality "1"]

1. a3 d5 2. Nf3 Bg4 3. e3 e6 4. Be2 Nf6 5. d4 Be7 6. 0-0 0-0 7. c4 dxc4 8. Bxc4 c5 9. dxc5 Qxd1 10. Rxd1 Bxf3 11. gxf3 Bxc5 12. b4 Be7 13. Bb2 Nbd7 14. Nd2 Rfc8 15. Rac1 Rc7 16. Be2 Rac8 17. Rxc7 Rxc7 18. Rc1 Rxc1+ 19. Bxc1 Nd5 20. Bb2 Bf6 21. Bxf6 N7xf6 22. Nc4 Ne8 23. Kf1 g5 24. Ke1 Kf8 25. Kd2 Ke7 26. Kd3 Nd6 27. Nxd6 Kxd6 28. Kd4 b6 29. Bc4 Nc7 30. Bd3 f5 31. Bc4 e5+ 32. Kd3 Ke7 33. Bg8 h6 34. Kc4 Kf6 35. Bh7 h5 36. h3 h4 37. e4 g4 38. fxg4 fxg4 0-1